1562 1750 1796 1494 1599 1382 1352 1294 1887 1932 1988 1468 1691 1711 1477 1659 1335 1081 1334 1072 1860 1329 1491 1432 1333 1031 1618 1943 1486 1226 1511 1001 1294 1977 1659 1563 1504 1730 1514 1373 1525 1167 1904 1451 1763 1353 1562 1120 1438 1486 1146 1615 1942 1646 1506 1303 1424 1174 1580 1717 1302 1617 1425 1722 1834 1959 1257 1631 1918 1654 1297 1455 1426 1048 1254 1349 1836 1420 1703 1123 1349 1517 1656 1805 1425 1997 1414 1443 1080 1847 1257 1891 1161 1353 1453 1401 1558 1408 1066 BCNSPRNW ULIB Ver.6.0+V

เปลี่ยนเป็นภาษาไทย

Change to English
 แสดงรายละเอียดบรรณานุกรม
  กลับหน้าหลัก

Brief Record : Get Marc (ISO 2709) : E-mail record : QR code < ปิดหน้าต่าง
LEADER : 00000nam 2200000uu 4500
001    13399114321
003     ULIB
008    120321s2552||||th 000 0 tha d
020    ^a9786160600120
090    ^aนว.^bป652L 2552
100 0  ^aPoOkKii
245 00 ^aLapis Lazuli ภารกิจเสิร์ฟรักจากดวงดาว/^cPoOkKii
250    ^aพิมพ์ครั้งที่ 1
260    ^aกรุงเทพฯ :^bแจ่มใส,^c2552
300    ^a173 หน้า
710 1  ^aแจ่มใส
945    ^p139^l0^i16301
995    ^aกัณชพร
999    ^aใช้งานได้ทุกระบบ
รายการนี้ยังไม่มีแท็ก
คุณยังไม่ได้ล็อกอิน คุณสามารถมีกิจกรรมร่วมกับเว็บไซต์ได้ แต่ต้องล็อกอินก่อน ::
  ล็อกอิน

รายการสื่อสารสนเทศ

ลำดับที่ ประเภท เลขเรียก/บาร์โค้ด สถานที่ สถานะ
1. นวนิยาย
นวนิยาย
นว. ป652L 2552  
  Barcode: 16301
ห้องสมุดวิทยาเขตสวรรค์ประชารักษ์
►นวนิยาย
บนชั้น
  ขอยืม

BibComment


ยังไม่เคยถูกคอมเมนท์

คอมเมนท์ทรัพยากรรายการนี้
  คอมเมนท์: Lapis Lazuli ภาร..


 Copyright 2026. Bcnsprnw @Library